000 00466nam a2200181Ia 4500
005 20250326124234.0
008 250326s9999 xx 000 0 und d
037 _aTextbook
040 _aFMSL
_beng
_cFMSL
041 _aeng
_2eng
084 _aX:512 L7
_qFMSL
100 _aMort T A
_9737062
245 0 _aSystematic selling
_cMort T A
260 _aUSA
_bUSA, AMACOM
_c1977
300 _a190p
942 _cTB
_hX:512 L7
999 _c1272893
_d1272893